| 000 | 00661nam a2200121Ia 4500 | ||
|---|---|---|---|
| 008 | 220620s9999||||xx |||||||||||||| ||und|| | ||
| 100 | _a`t Hart, Paul||Tindall, Karen | ||
| 245 | 0 |
_aFraming the Global Economic downturn _bCrisis rhetoric and the politics of recessions |
|
| 546 | _aEnglish[eng] | ||
| 650 | _apublic administration||globalization||politics||economic aspects||financial crises||Australia||European Union||Rhetoric | ||
| 856 | _uhttps://library.oapen.org/bitstream/20.500.12657/33746/1/459240.pdf||https://library.oapen.org/bitstream/20.500.12657/33746/1/459240.pdf||https://library.oapen.org/bitstream/20.500.12657/33746/1/459240.pdf | ||
| 942 | _cEB | ||
| 999 |
_c28425 _d28425 |
||